Operando Research in Heterogeneous Catalysis

This book is devoted to the emerging field of techniques for visualizing atomic-scale properties of active catalysts under actual working conditions, i.e. high gas pressures and high temperatures. It explains how to understand these observations in terms of the surface structures and dynamics and th...

Πλήρης περιγραφή

Λεπτομέρειες βιβλιογραφικής εγγραφής
Συγγραφή απο Οργανισμό/Αρχή: SpringerLink (Online service)
Άλλοι συγγραφείς: Frenken, Joost (Επιμελητής έκδοσης), Groot, Irene (Επιμελητής έκδοσης)
Μορφή: Ηλεκτρονική πηγή Ηλ. βιβλίο
Γλώσσα:English
Έκδοση: Cham : Springer International Publishing : Imprint: Springer, 2017.
Σειρά:Springer Series in Chemical Physics, 114
Θέματα:
Διαθέσιμο Online:Full Text via HEAL-Link
LEADER 04099nam a22006015i 4500
001 978-3-319-44439-0
003 DE-He213
005 20161226102537.0
007 cr nn 008mamaa
008 161226s2017 gw | s |||| 0|eng d
020 |a 9783319444390  |9 978-3-319-44439-0 
024 7 |a 10.1007/978-3-319-44439-0  |2 doi 
040 |d GrThAP 
050 4 |a QC450-467 
050 4 |a QC718.5.S6 
072 7 |a PNFS  |2 bicssc 
072 7 |a PDND  |2 bicssc 
072 7 |a SCI078000  |2 bisacsh 
082 0 4 |a 621.36  |2 23 
245 1 0 |a Operando Research in Heterogeneous Catalysis  |h [electronic resource] /  |c edited by Joost Frenken, Irene Groot. 
264 1 |a Cham :  |b Springer International Publishing :  |b Imprint: Springer,  |c 2017. 
300 |a XIV, 222 p. 101 illus., 59 illus. in color.  |b online resource. 
336 |a text  |b txt  |2 rdacontent 
337 |a computer  |b c  |2 rdamedia 
338 |a online resource  |b cr  |2 rdacarrier 
347 |a text file  |b PDF  |2 rda 
490 1 |a Springer Series in Chemical Physics,  |x 0172-6218 ;  |v 114 
505 0 |a From the Contents: Scanning probe microscopy under high-pressure conditions -- Surface X-ray diffraction under high-pressure conditions -- Ambient pressure X-ray photoelectron spectroscopy -- Planar laser-induced fluorescence. 
520 |a This book is devoted to the emerging field of techniques for visualizing atomic-scale properties of active catalysts under actual working conditions, i.e. high gas pressures and high temperatures. It explains how to understand these observations in terms of the surface structures and dynamics and their detailed interplay with the gas phase. This provides an important new link between fundamental surface physics and chemistry, and applied catalysis. The book explains the motivation and the necessity of operando studies, and positions these with respect to the more traditional low-pressure investigations on the one hand and the reality of industrial catalysis on the other. The last decade has witnessed a rapid development of new experimental and theoretical tools for operando studies of heterogeneous catalysis. The book has a strong emphasis on the new techniques and illustrates how the challenges introduced by the harsh, operando conditions are faced for each of these new tools. Therefore, one can also read this book as a collection of recipes for the development of operando instruments. At present, the number of scientific results obtained under operando conditions is still limited and mostly focused on a simple test reaction, the catalytic oxidation of CO. This reaction thus forms a natural binding element between the chapters, linking the demonstrations of new techniques, and also connecting the theoretical and experimental studies. Some first results on other reactions are also presented. If there is one thing that can be concluded already in this early stage, it is that the catalytic conditions themselves can have dramatic effects on the structure and composition of the surfaces of catalysts, which, in turn can greatly affect the mechanisms, the activity, and the selectivity of the chemical reactions that they catalyze. . 
650 0 |a Physics. 
650 0 |a Physical chemistry. 
650 0 |a Catalysis. 
650 0 |a Surfaces (Physics). 
650 0 |a Interfaces (Physical sciences). 
650 0 |a Thin films. 
650 0 |a Spectroscopy. 
650 0 |a Microscopy. 
650 0 |a Materials  |x Surfaces. 
650 1 4 |a Physics. 
650 2 4 |a Spectroscopy and Microscopy. 
650 2 4 |a Catalysis. 
650 2 4 |a Surfaces and Interfaces, Thin Films. 
650 2 4 |a Physical Chemistry. 
650 2 4 |a Surface and Interface Science, Thin Films. 
700 1 |a Frenken, Joost.  |e editor. 
700 1 |a Groot, Irene.  |e editor. 
710 2 |a SpringerLink (Online service) 
773 0 |t Springer eBooks 
776 0 8 |i Printed edition:  |z 9783319444376 
830 0 |a Springer Series in Chemical Physics,  |x 0172-6218 ;  |v 114 
856 4 0 |u http://dx.doi.org/10.1007/978-3-319-44439-0  |z Full Text via HEAL-Link 
912 |a ZDB-2-PHA 
950 |a Physics and Astronomy (Springer-11651)